| 000 | 00589nam a22001577a 4500 | ||
|---|---|---|---|
| 003 | OSt | ||
| 005 | 20151104144132.0 | ||
| 008 | 151104b xxu||||| |||| 00| 0 eng d | ||
| 040 | _cRUA | ||
| 082 | _aFOR KRY 1997 B123 Or.1 | ||
| 100 |
_93347 _aKRY, MASPHAL. |
||
| 245 | _aTraditional wildlife hunting at mekong river basin of cambodia, សិក្សាទំនៀមទំលាប់ប្រមាញ់តស្វព្រៃនៅភូមិភាគអាងទន្លេមេគង្គ | ||
| 260 |
_aPhnom Penh _bRUA _c1997 |
||
| 300 |
_a74p. _bill. _c29cm. |
||
| 942 |
_2ddc _cFOR |
||
| 999 |
_c3120 _d3120 |
||